[Event "USA Championship Women 2021"]
[Site "Saint Louis"]
[Date "2021.10.08"]
[Round "3.5"]
[White "Paikidze, Nazi"]
[Black "Sharevich, Anna"]
[Result "1/2-1/2"]
[WhiteElo "2374"]
[BlackElo "2276"]
[Annotator "TA"]
[PlyCount "97"]
[EventDate "2021.10.06"]
[EventCountry "USA"]
[SourceTitle "playchess.com"]
[Source "ChessBase"]
[SourceQuality "1"]

{[%evp 9,97,24,38,-18,-30,-30,-21,-81,-46,-42,-47,-37,0,0,0,0,0,-81,0,-15,20,28,83,25,73,74,56,62,33,31,32,0,19,-108,-100,-168,-16,-71,-71,-70,-70,-70,-70,-84,-70,-69,-42,-42,-43,-50,-59,-110,-82,-81,-54,-53,-10,-11,0,0,0,0,0,0,0,0,0,0,0,0,0,0,0,0,0,0,0,0,0,0,0,0,0,0,0,0,0,0,0,0]} 1. d4 d5 2. c4 e6 3. Nc3 Nf6 4. Nf3 Nbd7 5. Bf4 dxc4 6. e4 {D37: Queen's Gambit Declined: 5 Bf4.} (6. e3 $14) 6... Bb4 $11 7. Bxc4 Nxe4 {[#]} 8. Qb3 $146 (8. Qc2 $11 Nxc3 9. bxc3) ({Predecessor:} 8. O-O Nxc3 9. bxc3 Bd6 10. Bg3 O-O 11. Ne5 Qe7 12. Re1 Re8 13. Re3 Nf8 14. Qh5 {0-1 (41) Tin,J (2464)-Lupulescu,C (2652) Chess.com INT 2020}) 8... Bxc3+ 9. bxc3 O-O 10. O-O Ndf6 11. Rfe1 b6 12. Rad1 Bb7 13. Bf1 (13. Ne5 $11 {remains equal.}) 13... h6 (13... Ng4 $17 14. Bg3 Nxg3 15. hxg3 Qd6) 14. c4 Nh5 15. Bc1 Qf6 (15... Nd6 $11) 16. Qe3 (16. Qc2 $16) 16... g5 17. Ne5 Qg7 18. Qf3 f6 19. Qxh5 {aiming for Ng4.} fxe5 20. dxe5 Nxf2 21. Rd4 (21. Rd2 $11 Ne4 22. Rd4) 21... Rf5 $17 22. c5 {[#]} (22. Bd3 $17 Nxd3 23. Rxd3) 22... bxc5 $2 (22... Bd5 $1 $19 23. Be3 Ne4) 23. Bc4 cxd4 24. Bxe6+ {[#]} Rf7 $1 25. Bxf7+ Qxf7 26. Qxf7+ Kxf7 27. e6+ Kf6 (27... Ke8 {keeps more tension.} 28. Kxf2 Rd8 29. Ba3 Rd5 30. Rc1 Rf5+) 28. Kxf2 $15 {[%mdl 4096] Endgame KRB-KRB} Re8 29. Bb2 $1 c5 30. Rc1 ({Better is} 30. Ba3 $1 $15) 30... Kxe6 {And now ...Kd5 would win.} (30... Rc8 {feels hotter.} 31. Ba3 Kxe6 32. Rxc5 Rf8+ 33. Ke1 Bxg2 34. Rc6+ Bxc6 35. Bxf8 h5) 31. Rxc5 Rf8+ 32. Ke1 Rd8 (32... Bxg2 {seems wilder.} 33. Bxd4 Rf4 34. Bg7 Rh4 35. Ra5 Bc6) 33. g3 {The position is equal.} Rd5 (33... Rd6 {with more complications.} 34. h4 Ra6 35. Rc7 Bd5 36. Bxd4 Ra4) 34. Rc7 Rd7 35. Rxd7 Kxd7 36. Bxd4 $11 {KB-KB} a6 37. g4 Bf3 38. Bg7 h5 39. gxh5 Bxh5 40. Kf2 Ke6 41. Kg3 Kf5 42. h4 gxh4+ 43. Kxh4 Bf7 44. a3 Bc4 45. Bf8 Bb5 46. Bc5 Bc4 47. Bf8 Bb5 48. Bc5 Bc4 49. Bf8 {Weighted Error Value: White=0.21/Black=0.16} 1/2-1/2

[Event "USA Championship Women 2021"]
[Site "Saint Louis"]
[Date "2021.10.08"]
[Round "3.6"]
[White "Nemcova, Katerina"]
[Black "Eswaran, Ashritha"]
[Result "1/2-1/2"]
[WhiteElo "2331"]
[BlackElo "2244"]
[Annotator "TA"]
[PlyCount "86"]
[EventDate "2021.10.06"]
[EventCountry "USA"]
[SourceTitle "playchess.com"]
[Source "ChessBase"]
[SourceQuality "1"]

{[%evp 9,86,0,4,0,9,0,19,20,25,19,12,7,15,1,23,15,20,21,23,23,31,27,15,17,29,14,19,1,18,15,49,31,34,0,7,-29,1,0,-6,-61,0,-15,25,0,0,-25,-16,-22,-27,-16,-28,-20,-14,-14,-14,-14,-16,-16,-16,-16,-21,-24,0,0,0,0,0,0,0,0,0,0,0,0,0,0,0,0,0]} 1. d4 Nf6 2. Bf4 e6 3. e3 c5 4. Nf3 b6 5. Nbd2 Be7 6. h3 {A47: 1 d4 Nf6 2 Nf3 b6: Torre, London and Colle Systems.} O-O 7. c3 Ba6 (7... Bb7 {looks sharper.} 8. Bd3 d5 9. O-O Ne4 10. Bc2 Nd6) 8. Bxa6 Nxa6 9. O-O Qc8 10. Qe2 Qb7 {[#]} 11. Rad1 $146 ({Predecessor:} 11. Bg5 h6 12. Bh4 Rfe8 13. e4 d5 14. e5 Ne4 15. Bxe7 Nxd2 16. Nxd2 Rxe7 {1-0 (32) Georgiev,V (2530)-Matsenko,S (2533) Chicago 2017}) 11... Rac8 12. Nc4 {White wants to play Bd6.} Ne4 13. Nfd2 Nxd2 14. Rxd2 d5 15. Nd6 Bxd6 16. Bxd6 Rfd8 17. Bg3 b5 18. h4 c4 19. h5 Qe7 20. h6 g6 21. e4 Qg5 22. e5 Nc7 23. Rdd1 Qxh6 24. f3 (24. Qg4 $11) 24... Kf8 (24... Rb8 $15) 25. Kf2 Qg7 (25... g5 {feels hotter.} 26. Rh1 Qg6 27. f4 h6 28. Kg1 Ke7) 26. Qe3 h6 27. Rh1 g5 28. Rh5 Ke7 $1 29. Rdh1 Rh8 30. f4 {[%cal Rf4g5]} Rcg8 31. fxg5 hxg5 32. Rxh8 Rxh8 33. Rxh8 Qxh8 34. Qxg5+ Kd7 35. Bh4 Qh7 36. Qd8+ {The position is equal.} Kc6 37. Qd6+ Kb7 38. Bd8 Qf5+ 39. Kg3 Qd3+ 40. Kh2 Qh7+ 41. Kg3 Qd3+ 42. Kh4 Qh7+ 43. Kg3 Qd3+ {Weighted Error Value: White=0.09/Black=0.09} 1/2-1/2

[Event "USA Championship Women 2021"]
[Site "Saint Louis"]
[Date "2021.10.09"]
[Round "4.1"]
[White "Zatonskih, Anna"]
[Black "Lee, Megan"]
[Result "1/2-1/2"]
[WhiteElo "2422"]
[BlackElo "2211"]
[Annotator "TA"]
[PlyCount "109"]
[EventDate "2021.10.06"]
[EventCountry "USA"]
[SourceTitle "playchess.com"]
[Source "ChessBase"]
[SourceQuality "1"]

{[%evp 13,109,7,15,8,10,0,0,0,11,20,7,18,13,0,25,13,28,0,0,0,18,0,0,0,0,0,0,0,0,-7,0,-5,0,-1,16,0,0,0,0,0,0,0,0,-34,-34,-33,-6,-29,0,-8,0,0,0,0,0,0,0,0,0,0,0,-13,0,0,0,0,0,0,0,0,0,0,0,0,0,0,0,0,0,0,0,0,0,0,0,0,0,0,0,0,8,0,0,0,0,0,14,0]} 1. d4 d5 2. c4 c6 3. Nf3 Nf6 4. Qb3 dxc4 5. Qxc4 Bf5 6. g3 e6 7. Bg2 Be7 8. O-O {D23: Queen's Gambit Accepted: 3 Nf3 Nf6 sidelines.} O-O 9. Qb3 Qb6 10. Nbd2 Nbd7 11. Nc4 Qxb3 12. axb3 Be4 13. Bf4 Bd5 14. Rfc1 Rfc8 {[#]} 15. Nd6 $146 ({Predecessor:} 15. Bg5 Kf8 16. Nfe5 Bxg2 17. Bxf6 Nxf6 18. Kxg2 Ke8 19. Kf3 Nd5 20. Nd3 Nc7 21. e3 {1-0 (55) Kazakovskiy,V (2460)-Tsaruk,M (2309) Minsk 2020}) 15... Bxd6 16. Bxd6 Ne4 17. Ne5 {[#] And now Bxe4 would win.} Nxd6 18. Nxd7 Bxg2 19. Kxg2 f6 20. Nc5 Kf7 21. e3 Re8 22. Rd1 Re7 23. f4 Nb5 24. Kf3 h5 25. h3 Rh8 26. Ne4 Rd7 (26... a6 {with more complications.} 27. Nc5 Nd6 28. Rac1 Rd8 29. b4 Rh8) 27. Nc3 a6 {[%cal Ba7a6,Ba6b5][%mdl 32]} 28. Nxb5 axb5 $11 {[%mdl 4096] Endgame KRR-KRR} 29. Ke4 Rhd8 30. b4 Re7 31. g4 {The position is equal.} hxg4 32. hxg4 Rh8 33. Rh1 Rxh1 34. Rxh1 {KR-KR} Re8 35. Ra1 f5+ 36. Kf3 Ke7 37. e4 fxe4+ 38. Kxe4 Kd6 39. Rh1 Ke7 40. Ke5 Rd8 41. Ra1 Rd5+ 42. Ke4 Rd7 43. Ra8 Kd6 44. Rg8 Rf7 45. g5 Rd7 46. Re8 Rf7 47. Ra8 Rd7 48. Rg8 Rf7 49. Re8 (49. g6 {is interesting.} Rd7 50. Re8 Rc7 51. Rg8 Rd7) 49... Kd7 50. Rh8 (50. Rg8 {feels hotter.} Kd6) 50... Kd6 51. Rg8 Rd7 52. Re8 Rf7 53. Rd8+ Kc7 54. Rh8 Kd6 55. Rg8 {Weighted Error Value: White=0.05/Black=0.03} 1/2-1/2

[Event "USA Championship Women 2021"]
[Site "Saint Louis"]
[Date "2021.10.09"]
[Round "4.2"]
[White "Sharevich, Anna"]
[Black "Tokhirjonova, Gulrukhbegim"]
[Result "1/2-1/2"]
[WhiteElo "2276"]
[BlackElo "2322"]
[Annotator "TA"]
[PlyCount "154"]
[EventDate "2021.10.06"]
[EventCountry "USA"]
[SourceTitle "playchess.com"]
[Source "ChessBase"]
[SourceQuality "1"]

{[%evp 11,154,-1,6,0,4,0,9,-1,23,24,21,15,14,26,33,43,35,29,72,45,106,106,85,21,59,61,68,52,49,36,52,12,19,10,15,-39,0,0,0,-16,-19,-65,-71,-105,-6,-128,-91,-165,-160,-159,-139,-148,-133,-298,-99,-121,-107,-102,-91,-104,-104,-97,-99,-95,-81,-86,-85,-101,0,-111,109,53,87,0,0,0,0,0,0,0,0,0,0,0,0,0,0,0,0,0,0,0,0,-2,0,-6,0,0,0,0,0,0,0,0,0,0,0,-5,0,0,12,-8,-8,-8,-8,-8,-8,-8,-8,-8,0,0,0,-8,16,0,0,0,0,0,0,-8,-8,-8,-8,-8,-8,-8,-8,-8,-8,-8,-8,-8,-8]} 1. d4 Nf6 2. Bf4 d5 3. e3 c5 4. Nd2 Nc6 5. Ngf3 e6 6. c3 Nh5 7. Bg5 {D02: 1 d4 d5 2 Nf3 sidelines, including 2...Nf6 3 g3 and 2...Nf6 3 Bf4.} f6 8. Bh4 g6 9. Bb5 {[#]} Be7 $146 ({Predecessor:} 9... cxd4 10. Nxd4 Bd7 11. O-O a6 12. Be2 Ng7 13. e4 Be7 14. exd5 Nxd4 15. cxd4 exd5 {0-1 (44) Karjakin,S (2757)-Esipenko,A (2716) Moscow 2021}) 10. dxc5 Bxc5 11. O-O O-O 12. c4 a6 13. Ba4 Be7 14. cxd5 exd5 15. Rc1 Nb4 (15... b5 $14) 16. Bb3 $16 Nd3 17. Rb1 (17. Rc3 $16 Nc5 18. Ne4 Nxb3 19. Qxb3) 17... Kh8 18. Nd4 Qd6 19. Qe2 Nc5 20. Bc2 Bd7 21. g4 Ng7 22. Bg3 Qb6 23. h4 (23. Rfd1 $11) 23... f5 24. g5 Rae8 25. Be5 Bd6 26. Bf6 Bb8 27. f4 Kg8 ({Black should play} 27... Rxf6 $17 28. gxf6 Qxf6) 28. b4 (28. Qg2 $11) 28... Nce6 $17 29. Qf2 {[#]} (29. Nxe6 $17 Rxe6 30. Rbe1) 29... Rxf6 $1 $19 {[%mdl 576] Remove Defender} 30. gxf6 Nxd4 {[%mdl 64] Discovered Attack} 31. exd4 Qxf6 32. Bb3 $2 (32. Rfe1 $17 {was worth a try.}) 32... Bc6 $2 (32... Nh5 $1 $19 {[%cal Rh5f4] is more deadly.} 33. Nf3 (33. Bxd5+ $2 Kg7 $19) 33... Nxf4) 33. Rbe1 Ne6 34. Nf3 Nxf4 {aiming for ...Nh3+.} 35. Rxe8+ Bxe8 36. Qe3 Bb5 37. Re1 Bd6 38. a4 Bc6 39. Rf1 Nh3+ (39... Kg7 $17 40. Rb1 b5) 40. Kh1 (40. Kg2 $11 {remains equal.} Nf4+ 41. Kg1) 40... f4 $2 {[#]} (40... Bxb4 $2 41. Kg2 $18) (40... Kg7 $1 $17 {keeps the pressure on.} 41. Rb1 Nf4) 41. Qd2 (41. Qe2 $1 $16) 41... Qf5 {[#]} 42. Bc2 (42. Qc2 $1 $16 {[%cal Rc2f5]} Qe6 43. Qg2) 42... Qg4 {The position is equal.} 43. Qg2 Qg3 $36 {[%mdl 2048] Black has some pressure.} 44. Qxg3 fxg3 45. Kg2 $1 {[%cal Rg2h3]} Nf4+ 46. Kxg3 Nd3+ 47. Kg2 Nxb4 48. Bb3 Nd3 49. Rd1 Nb2 50. Ra1 Nc4 51. Kf2 Kg7 52. Ng5 Bd7 53. Re1 Bb4 54. Re2 b5 55. axb5 axb5 56. Ra2 {And now Bxc4 would win.} Bc3 57. Nf3 Bg4 58. Ra7+ Kf6 59. Ra6+ (59. Bd1 {looks sharper.} h6 60. Ra6+ Kf7 61. Bc2 Bh5 62. Bd3) 59... Ke7 60. Ra7+ Kd6 61. Rxh7 (61. Bc2 {feels hotter.} Bd7 62. Ra8 b4 63. Rd8 Na5 64. Ba4) 61... Bxf3 62. Bxc4 dxc4 63. Kxf3 $11 {[%mdl 4096] Endgame KR-KB} b4 64. Ke4 b3 {Strongly threatening ...Kc6.} 65. Rg7 Bd2 (65... Kc6 {with more complications.} 66. Rxg6+ Kb5 67. h5 Bd2 68. Rg8 Kb4) 66. Rxg6+ Kc7 67. Rg1 Kc6 68. h5 Kb5 {White must now prevent ...Kb4.} 69. d5 {d6 is the strong threat.} Kc5 70. Rd1 Bg5 {Threatens to win with ...Kb4.} (70... b2 $5 71. Rb1 $8 (71. d6 $2 Bc1 $19) 71... Bc1 $11) 71. d6 c3 72. Kd3 ({Avoid the trap} 72. Rd5+ $2 Kb6 $19) (72. Rg1 {is more complex.} Kc6 73. Kd4 c2 74. Kc3 c1=Q+ 75. Rxc1 Bxc1 76. Kxb3 Kxd6 77. Ka2) 72... c2 73. Rg1 Kxd6 74. Kc3 c1=Q+ 75. Rxc1 Bxc1 76. Kxb3 Ke6 77. h6 Bxh6 {Black had all chances to win.  Weighted Error Value: White=0.21/Black=0.23} 1/2-1/2

[Event "USA Championship Women 2021"]
[Site "Saint Louis"]
[Date "2021.10.09"]
[Round "4.3"]
[White "Yip, Carissa"]
[Black "Krush, Irina"]
[Result "1-0"]
[WhiteElo "2402"]
[BlackElo "2429"]
[Annotator "TA"]
[PlyCount "45"]
[EventDate "2021.10.06"]
[EventCountry "USA"]
[SourceTitle "playchess.com"]
[Source "ChessBase"]
[SourceQuality "1"]

{[%evp 14,45,0,0,3,0,0,0,21,0,22,14,43,43,41,16,75,46,49,40,48,43,51,22,22,22,19,22,54,47,329,329,326,302]} 1. e4 c6 2. d4 d5 3. e5 Bf5 4. Nf3 e6 5. Be2 c5 6. O-O Nc6 7. Be3 cxd4 8. Nxd4 Nxd4 {B12: Caro-Kann: Advance Variation.} 9. Qxd4 Ne7 $1 10. Qa4+ Nc6 $1 {The position is equal.} 11. c4 {[#] Black must now prevent cxd5.} dxc4 $146 (11... d4 $5 {[%cal Rd4e3]} 12. Bf3 dxe3 13. Bxc6+ bxc6 14. Qxc6+ Ke7 15. Qb7+ Ke8 16. Qc6+ Ke7 17. Qb7+ Ke8 18. Qc6+ Ke7 $11) ({Predecessor:} 11... d4 12. Rd1 Bc5 13. b4 Bxb4 14. Bf3 Qd7 15. Bxc6 Qxc6 16. Qxb4 dxe3 17. fxe3 Rc8 {0-1 (35) Beikert,G (2432)-Hera,I (2533) Germany 2011}) 12. Qxc4 Be7 13. Nc3 O-O 14. f4 h6 (14... Bc2 $11) 15. Rfd1 Qa5 16. Rd7 Rfc8 {[#] Threatens to win with ...Nxe5.} 17. Qb5 {And now Qxa5 would win.} Bb4 18. Rc1 ({Avoid the trap} 18. Rxb7 $2 Bxc3 19. Qxa5 Bxa5 $19) ({Wrong is} 18. Qxb7 $2 Rab8 $19) 18... Bxc3 19. Rxc3 Qxb5 20. Bxb5 Be4 21. Bf1 Nb4 $2 {[%mdl 8192] [#]} (21... Rab8 $14) 22. Rxc8+ $18 Rxc8 23. Rd4 {[%mdl 64] Double Attack.  Weighted Error Value: White=0.09/Black=0.40} ({Stronger than} 23. Bxa7 Rc1 $11) 1-0

[Event "USA Championship Women 2021"]
[Site "Saint Louis"]
[Date "2021.10.09"]
[Round "4.4"]
[White "Paikidze, Nazi"]
[Black "Nemcova, Katerina"]
[Result "1/2-1/2"]
[WhiteElo "2374"]
[BlackElo "2331"]
[Annotator "RC"]
[PlyCount "95"]
[EventDate "2021.10.06"]
[EventCountry "USA"]
[SourceTitle "playchess.com"]
[Source "ChessBase"]
[SourceQuality "1"]
[TimeControl "40/5400+30:1800+30"]

1. d4 {[%emt 0:00:03]} d5 {[%emt 0:00:07]} 2. Nf3 {[%emt 0:00:10]} Nf6 {[%emt 0:00:09]} 3. c4 {[%emt 0:00:07]} e6 {[%emt 0:00:10]} 4. Nc3 {[%emt 0:00:08]} c6 {[%emt 0:00:04]} 5. Qd3 {[%emt 0:00:07]} dxc4 {[%emt 0:12:28]} 6. Qxc4 {[%emt 0:00:07]} b5 {[%emt 0:00:17]} 7. Qd3 {[%emt 0:00:06]} a6 {[%emt 0:05:39]} 8. g4 {[%emt 0:00:11]} c5 {[%emt 0:02:49]} 9. g5 {[%emt 0:00:42]} Nd5 {[%emt 0:15:43]} 10. Nxd5 {[%emt 0:00:44]} Qxd5 {[%emt 0:16:24]} 11. e4 {[%emt 0:00:14]} Qd7 {[%emt 0:02:05]} 12. dxc5 {[%emt 0:05:50]} Qxd3 {[%emt 0:02:31]} 13. Bxd3 {[%emt 0:00:06]} Bxc5 {[%emt 0:00:10]} 14. Ke2 {[%emt 0:05:46]} Nc6 {[%emt 0:06:09]} 15. Be3 {[%emt 0:03:27]} Bxe3 {[%emt 0:01:05]} 16. Kxe3 {[%emt 0:00:07]} Bb7 {[%emt 0:01:52]} 17. a4 {[%emt 0:24:17]} bxa4 {[%emt 0:11:26]} 18. Rxa4 {[%emt 0:03:24]} h6 {[%emt 0:03:47]} 19. Rc1 {[%emt 0:09:30]} hxg5 {[%emt 0:05:31]} 20. Bxa6 {[%emt 0:01:15]} Rxa6 {[%emt 0:00:27]} 21. Rxa6 {[%emt 0:00:06]} Bxa6 {[%emt 0:00:02]} 22. Rxc6 {[%emt 0:00:06]} Rh3 {[%emt 0:01:48]} 23. Rxa6 {[%emt 0:02:45]} g4 {[%emt 0:00:04]} 24. Ra8+ {[%emt 0:23:50]} Ke7 {[%emt 0:00:36]} 25. Ra7+ {[%emt 0:01:22]} Kf6 {[%emt 0:01:38]} 26. Ra3 {[%emt 0:14:19]} Rxf3+ {[%emt 0:00:33]} 27. Ke2 {[%emt 0:00:10]} Rf4 {[%emt 0:00:32]} 28. Ke3 {[%emt 0:01:17]} g5 {[%emt 0:01:13]} 29. Rc3 {[%emt 0:00:50]} Rf3+ {[%emt 0:00:34]} 30. Ke2 {[%emt 0:00:07]} Rf4 {[%emt 0:00:28]} 31. Ke3 {[%emt 0:01:07]} Kg6 {[%emt 0:05:03]} 32. Ra3 {[%emt 0:00:51]} Rf3+ {[%emt 0:00:53]} 33. Ke2 {[%emt 0:00:01]} Rf4 {[%emt 0:00:06]} 34. Ke3 {[%emt 0:02:09]} Kh5 {[%emt 0:00:14]} 35. Ra7 {[%emt 0:00:49]} Kh4 {[%emt 0:03:06]} 36. b4 {[%emt 0:01:03]} Kh3 {[%emt 0:00:04]} 37. Ra5 {[%emt 0:00:53]} Rf3+ {[%emt 0:01:04]} 38. Ke2 {[%emt 0:00:32]} f5 {[%emt 0:02:02]} 39. exf5 {[%emt 0:00:38]} exf5 {[%emt 0:00:04]} 40. Kf1 {[%emt 0:00:10]} Rb3 {[%emt 0:00:57]} 41. Rxf5 {[%emt 0:01:59]} Rb1+ {[%emt 0:04:23]} 42. Ke2 {[%emt 0:01:10]} Rxb4 {[%emt 0:01:18]} 43. Rxg5 {[%emt 0:00:31]} Kxh2 {[%emt 0:00:12]} 44. Kf1 {[%emt 0:02:33]} Rb1+ {[%emt 0:00:11]} 45. Ke2 {[%emt 0:00:04]} Rb4 {[%emt 0:00:03]} 46. Kf1 {[%emt 0:00:04]} Rb1+ {[%emt 0:00:09]} 47. Ke2 {[%emt 0:00:04]} Rb4 {[%emt 0:00:02]} 48. Kf1 {[%emt 0:00:21]} 1/2-1/2

[Event "USA Championship Women 2021"]
[Site "Saint Louis"]
[Date "2021.10.09"]
[Round "4.5"]
[White "Eswaran, Ashritha"]
[Black "Cervantes Landeiro, Thalia"]
[Result "1/2-1/2"]
[WhiteElo "2244"]
[BlackElo "2175"]
[Annotator "TA"]
[PlyCount "159"]
[EventDate "2021.10.06"]
[EventCountry "USA"]
[SourceTitle "playchess.com"]
[Source "ChessBase"]
[SourceQuality "1"]

{[%evp 14,159,33,13,17,-6,0,0,12,0,10,4,20,-7,1,-2,20,22,31,7,32,21,18,23,56,0,39,0,0,0,0,0,5,6,7,0,0,0,0,0,0,0,0,5,22,17,35,13,10,8,21,0,9,0,0,0,0,0,0,0,0,0,0,0,75,0,0,-44,-51,-45,-8,-8,-8,-23,0,0,0,0,0,0,0,0,0,-9,-9,-28,-34,-64,-70,-71,0,0,0,0,0,0,0,0,0,0,0,0,0,0,0,0,0,0,0,0,0,0,0,0,0,0,0,0,0,0,0,0,0,0,0,0,14,10,20,0,0,0,0,0,0,0,0,0,0,0,0,0,0,0,0,0,0,0]} 1. Nf3 Nf6 2. g3 d5 3. b3 g6 4. Bb2 Bg7 5. c4 c6 6. Bg2 O-O 7. O-O Re8 {7...a5 is the modern continuation.} 8. Qc2 a5 {[#] A11: English Opening: 1...c6.} 9. d4 $146 ({Predecessor:} 9. d3 Nbd7 10. cxd5 Nxd5 11. Bxg7 Kxg7 12. d4 N7f6 13. e4 Nb4 14. Qe2 Qb6 15. Na3 Qa6 {1-0 (30) Clemens,C (2235)-Bauer,B (2061) Bergen 2014}) 9... Bf5 10. Qc1 a4 11. Nc3 axb3 12. axb3 Rxa1 13. Bxa1 Qb6 14. Qd1 dxc4 15. bxc4 Qb4 16. Ne5 Ng4 17. Nxg4 Bxg4 18. Qd3 Rd8 19. d5 (19. Ne4 $14) 19... Na6 20. Rb1 (20. Na2 $5 {[%cal Ra2b4]} Qc5 21. Bxg7 Kxg7 22. h3 $14) 20... Qa5 21. h3 Nc5 22. Qc2 Bd7 (22... Bf5 $5 23. e4 $8 Bd7 $11) 23. Bb2 Bf6 24. Kh2 Qa6 25. Nd1 cxd5 {[#] ...d4 is the strong threat.} 26. Bxf6 Qxf6 27. cxd5 Rc8 {Black wants to play ...Bf5.} 28. Qd2 Bf5 29. Rb4 h5 30. e4 Bd7 31. f4 Qa6 32. e5 b5 {[%cal Bb7b5,Bb5b4][%mdl 32]} 33. Ne3 Qa5 34. Qd4 Na6 35. Rb3 Qa4 36. Qb2 {aiming for e6!} b4 $1 37. f5 gxf5 38. Bf1 Rb8 {[#]} (38... e6 $11) 39. Bxa6 (39. e6 $1 $16 fxe6 40. Bc4) 39... Qxa6 $11 40. Rxb4 (40. Qd2 {seems wilder.} Qa1 41. Nc4 Qf1 42. Ne3 Qf3 43. Ng2) 40... Rxb4 41. Qxb4 Qe2+ (41... Qa2+ {is more complex.} 42. Kg1 Qa1+ 43. Kf2 Qxe5 44. Ng2 Kf8) 42. Ng2 Qxe5 43. Qb7 Qd6 (43... f4 {seems wilder.} 44. gxf4 Qd6 45. Qb3 f6 46. Qf3 Be8) 44. h4 e5 {And now ...f4 would win.} 45. dxe6 fxe6 {Strongly threatening ...Bc6.} 46. Qa8+ Kh7 47. Qf3 Be8 48. Nf4 e5 49. Nh3 Qd2+ 50. Kg1 $1 Qc1+ 51. Kh2 Kg6 (51... Qb2+ $17 52. Nf2 Kg6) 52. Qd5 {The position is equal.} Qc2+ 53. Kg1 Qc1+ 54. Kh2 Qb2+ 55. Kh1 Bf7 (55... Kg7 {is interesting.} 56. Qd6 Qb7+ 57. Kg1 Qa7+ 58. Kh1 Qa8+) 56. Qd6+ Kg7 57. Ng5 Qa1+ (57... e4 {is more complex.} 58. Qe7 Qb1+ 59. Kh2 Qb2+ 60. Kg1 Qc1+) 58. Kh2 Qa2+ (58... e4 {looks sharper.} 59. Qe7 Qf6 60. Qc5 Bg8 61. Qc7+ Kg6) 59. Kg1 Qa7+ (59... e4 {feels hotter.} 60. Qe5+ Kg6 61. Qd6+ Kg7) 60. Kg2 Qa8+ (60... Qe3 {with more complications.} 61. Qc7 Qe2+ 62. Kh1 Qf1+ 63. Kh2 Qe2+) 61. Kh2 Qa2+ 62. Kg1 Qa7+ (62... Qe2 {seems wilder.} 63. Qc7 Qe1+ 64. Kh2 Qe2+ 65. Kh1 Qf1+) 63. Kg2 Qa8+ 64. Kh2 Qe8 65. Nf3 e4 66. Nd4 Qc8 67. Qe5+ Kg6 68. Qe7 Kg7 69. Kg2 e3 70. Qxe3 Qb7+ 71. Kh2 Qe4 72. Qg5+ Kf8 73. Qf6 Kg8 74. Nxf5 {[%csl Gf5][%cal Rf6g7]} Qe2+ 75. Kg1 {[%csl Gf5][%cal Rf6g7]} Qe1+ 76. Kh2 {[%csl Gf5][%cal Rf6g7]} Qf2+ 77. Kh3 {[%csl Gf5][%cal Rf6g7]} Qf1+ 78. Kh2 {[%csl Gf5][%cal Rf6g7]} Qf2+ 79. Kh3 {[%csl Gf5][%cal Rf6g7]} Qf1+ 80. Kh2 {[%csl Gf5][%cal Rf6g7] Weighted Error Value: White=0.07/Black=0.10} 1/2-1/2

[Event "USA Championship Women 2021"]
[Site "Saint Louis"]
[Date "2021.10.09"]
[Round "4.6"]
[White "Foisor, Sabina-Francesca"]
[Black "Abrahamyan, Tatev"]
[Result "1-0"]
[WhiteElo "2205"]
[BlackElo "2344"]
[Annotator "TA"]
[PlyCount "101"]
[EventDate "2021.10.06"]
[EventCountry "USA"]
[SourceTitle "playchess.com"]
[Source "ChessBase"]
[SourceQuality "1"]

{[%evp 10,101,7,0,8,0,12,16,20,21,5,2,2,0,0,-13,-9,-17,-17,-12,-13,-23,-16,-20,-2,-24,0,-10,21,11,49,49,56,52,52,55,100,64,51,49,54,11,12,15,210,114,303,298,446,462,452,438,408,374,369,369,360,261,339,260,289,268,268,268,262,229,196,203,1133,866,1118,1125,1087,1055,1125,935,998,1035,849,958,673,256,1136,1125,1101,966,1038,1058,1011,869,962,788,788,659]} 1. Nf3 Nf6 2. c4 e6 3. d4 d5 4. Nc3 dxc4 5. e3 a6 6. a4 b6 {D24: Queen's Gambit Accepted: 3 Nf3 Nf6 4 Nc3.} 7. Bxc4 Bb7 8. O-O Bb4 {The position is equal.} 9. Qe2 O-O 10. Rd1 Nbd7 11. Bd2 Qe7 12. Ne5 Nxe5 13. dxe5 Nd7 14. f4 Nc5 15. Be1 Rfd8 16. Rd4 {[#]} Bxc3 $146 ({Predecessor:} 16... Bc6 17. Qg4 Rxd4 18. exd4 Nxa4 19. f5 exf5 20. Qxf5 Bxc3 21. bxc3 b5 22. Bd3 g6 {1-0 (44) Yanev,T (2382)-Guliyev,N (2532) Plovdiv 2012}) 17. bxc3 Rd7 18. Qg4 Bc6 19. Bh4 Qf8 20. f5 exf5 21. Qxf5 {Hoping for e6.} Re8 22. Rad1 {[%cal Rd4d7]} Rxd4 23. exd4 Bxa4 24. Rf1 $36 {[%mdl 2048] White is pushing.} Bb3 25. Be2 Ne6 26. Bxa6 c5 $2 {White now steadily converts the win.} (26... Ra8 $11 {and Black is okay.} 27. Bd3 g6) 27. Bb5 ({Stronger than} 27. Bd3 g6 $11) (27. Qb1 $1 $18 {[%cal Rb1b3]} Ra8 28. Qxb3 Rxa6 29. d5) 27... Rb8 $2 (27... cxd4 $16 {is a better defense.} 28. Bxe8 Qxe8) 28. Qb1 $1 $18 {[%cal Rb1b3]} c4 (28... g5 {keeps fighting.} 29. Qxb3 gxh4) 29. Bd7 {Bxe6 is the strong threat.} Qa3 30. Qf5 {[%mdl 64] Double Attack} Rf8 31. Bxe6 fxe6 32. Qxe6+ {[%mdl 64] Double Attack} Kh8 {intending ...Rxf1+.} 33. Rxf8+ ({And not} 33. Qxb6 Rxf1+ 34. Kxf1 Qc1+ 35. Be1 Qf4+ 36. Ke2 (36. Bf2 Qc1+ {[%mdl 64] Double Attack} 37. Be1 Qf4+ {[%mdl 64] Double Attack} 38. Ke2 Qe4+ 39. Kf2 Qf4+ 40. Kg1 Qe3+ {[%mdl 64] Double Attack} 41. Kf1 Qf4+ $11 {[%mdl 64] Double Attack}) 36... Qe4+ 37. Kf2 Qf4+ 38. Kg1 Qe3+ 39. Kf1 Qf4+ 40. Bf2 Qc1+ 41. Be1 Qf4+ $11) 33... Qxf8 34. Qxb6 h6 35. Qd8 Qxd8 36. Bxd8 {[%mdl 4096] Endgame KB-KB} Bc2 37. d5 Be4 38. d6 Bf5 $2 (38... Kg8 39. e6 Bf5) 39. Kf2 Kg8 40. Ke3 Kf7 41. Kd4 Ke8 {[#]} 42. Be7 $1 Be6 {[#]} 43. Kc5 $1 Kf7 44. Kc6 Ke8 45. Kc7 $2 (45. g3 g6 46. Kc7) 45... g6 $2 {[#]} (45... g5 46. Bf8 h5) 46. Bf8 $1 {[%mdl 512] White is clearly winning.} h5 47. Be7 Bf5 48. Bg5 Bd7 49. g3 Bf5 50. Kc6 Be6 51. Bh4 {Weighted Error Value: White=0.12/Black=0.31} 1-0